000 00668nam a2200241Ia 4500
003 OSt
005 20220925220407.0
006 a|||||r|||| 00| 0
007 ta
008 220923b |||||||| |||| 00| 0 eng d
037 _cGeneral Book
040 _aRTL
_cRTL
_beng
041 _2eng
_aeng
082 _aX:8, L1
100 _aGold Bela
245 0 _aExplorations in managerial economics
_b Productivit
260 _aLondon
_bMacmillan
_c1971
300 _aix, 297p. Bibiography p275-88
_ccm.
490 _aStudies in management
650 _aManagement
_930681
942 _hX:8, L1
_cGB
_2CC
999 _c571325
_d571325